000
00252nam a2200097Ia 4500
008
220204s9999 xx 000 0 und d
082
_a
019.4:5
_b
PUR
245
0
_a
Pure and applied science books. 1876-1982. 6 V
260
_a
New York
_b
Bowker
942
_c
BK
999
_c
37997
_d
37997